Vyhodnotenie západokarpatskej populácie mačky divej (Felis silvestris) z aspektu kritérií na jej rozpoznávanie od mačky domácej

Podrobná bibliografia
Hlavní autori: Sládek, Jozef, 1927- (Autor), Palášthy, Jozef, 1929-2014 (Autor)
Médium: Článok
Jazyk:slovenčina
Fyzický popis:Obr. 8. Tb. 6. Res. rus., angl., nem.
Predmet:

MARC

LEADER 00000nab a2200000 a 4500
001 vtls000085707
003 SK-MaSNL
005 20260303170150.0
008 111031c1980 xo 0 slo
015 |a SNBRA19rr/mm-uuuuu 
035 |a CL0095810 
040 |a SNKBUCL  |b slo  |c SNKBUCL  |e AACR2 
041 0 |a slo 
044 |a xo  |c SK 
080 |a 639.1  |2 1981 
100 1 |a Sládek, Jozef,  |d 1927-  |4 aut  |9 97457 
245 1 0 |a Vyhodnotenie západokarpatskej populácie mačky divej (Felis silvestris) z aspektu kritérií na jej rozpoznávanie od mačky domácej  |c Jozef Sládek, Jozef Palášthy 
300 |b Obr. 8. Tb. 6. Res. rus., angl., nem. 
650 0 7 |a mačka divá  |2 snkbucl  |9 78470 
655 7 |a články zo zborníkov  |2 snkbucl  |9 166140 
700 1 |a Palášthy, Jozef,  |d 1929-2014  |4 aut  |9 132815 
773 0 |t Folia venatoria 9  |d Bratislava : Obzor, 1980  |g S. 193-221 
850 |a Slovenská národná knižnica v Martine  |a MTA001 
852 |a SNK  |b KIS3GCP 
958 |a RK 
992 |a RZB 
999 |c 2075608  |d 2077538